| 000 | 00358nam a2200145Ia 4500 | ||
|---|---|---|---|
| 008 | 240330s9999||||xx |||||||||||||| ||und|| | ||
| 020 | _a9789391820374 | ||
| 082 |
_a613.62 _bGUP/B |
||
| 100 | _aGupta, C.B. | ||
| 245 | 0 | _aBusiness Environment | |
| 250 | _a12th Edition | ||
| 260 |
_aNew Delhi _bsultan chand & sons _c2022 |
||
| 300 | _a32.19p. | ||
| 942 | _cBK | ||
| 999 |
_c44247 _d44247 |
||